<?xml version="1.0" encoding="UTF-8"?>
<record
    xmlns:xsi="http://www.w3.org/2001/XMLSchema-instance"
    xsi:schemaLocation="http://www.loc.gov/MARC21/slim http://www.loc.gov/standards/marcxml/schema/MARC21slim.xsd"
    xmlns="http://www.loc.gov/MARC21/slim">

  <leader>00244nam a22001217a 4500</leader>
  <datafield tag="040" ind1=" " ind2=" ">
    <subfield code="c">SK</subfield>
  </datafield>
  <datafield tag="082" ind1=" " ind2=" ">
    <subfield code="a">639</subfield>
  </datafield>
  <datafield tag="100" ind1=" " ind2=" ">
    <subfield code="a">CLAUDE E.</subfield>
  </datafield>
  <datafield tag="245" ind1=" " ind2=" ">
    <subfield code="a">Water quality in ponds for aquaculture</subfield>
  </datafield>
  <datafield tag="260" ind1=" " ind2=" ">
    <subfield code="a">NA</subfield>
    <subfield code="b">CLA</subfield>
    <subfield code="c">1990</subfield>
  </datafield>
  <datafield tag="300" ind1=" " ind2=" ">
    <subfield code="a">482p.</subfield>
  </datafield>
  <datafield tag="942" ind1=" " ind2=" ">
    <subfield code="c">EK</subfield>
  </datafield>
  <datafield tag="999" ind1=" " ind2=" ">
    <subfield code="c">8896</subfield>
    <subfield code="d">8896</subfield>
  </datafield>
  <datafield tag="952" ind1=" " ind2=" ">
    <subfield code="0">0</subfield>
    <subfield code="1">0</subfield>
    <subfield code="4">0</subfield>
    <subfield code="6">639_000000000000000_CLA_1990_C237</subfield>
    <subfield code="7">0</subfield>
    <subfield code="9">49949</subfield>
    <subfield code="a">LBC</subfield>
    <subfield code="b">LBC</subfield>
    <subfield code="c">C237</subfield>
    <subfield code="d">2016-08-19</subfield>
    <subfield code="l">1</subfield>
    <subfield code="o">639 CLA 1990 C237</subfield>
    <subfield code="p">RUA061983</subfield>
    <subfield code="r">2020-02-25</subfield>
    <subfield code="s">2020-02-17</subfield>
    <subfield code="y">EK</subfield>
  </datafield>
  <datafield tag="952" ind1=" " ind2=" ">
    <subfield code="0">0</subfield>
    <subfield code="1">0</subfield>
    <subfield code="4">0</subfield>
    <subfield code="6">639_000000000000000_CLA_1990_C240</subfield>
    <subfield code="7">0</subfield>
    <subfield code="9">49950</subfield>
    <subfield code="a">LBC</subfield>
    <subfield code="b">LBC</subfield>
    <subfield code="c">C240</subfield>
    <subfield code="d">2016-08-19</subfield>
    <subfield code="o">639 CLA 1990 C240</subfield>
    <subfield code="p">RUA061326</subfield>
    <subfield code="r">2016-08-19</subfield>
    <subfield code="y">EK</subfield>
  </datafield>
  <datafield tag="952" ind1=" " ind2=" ">
    <subfield code="0">0</subfield>
    <subfield code="1">0</subfield>
    <subfield code="4">0</subfield>
    <subfield code="6">639_000000000000000_CLA_1990_C240</subfield>
    <subfield code="7">0</subfield>
    <subfield code="9">49951</subfield>
    <subfield code="a">LBC</subfield>
    <subfield code="b">LBC</subfield>
    <subfield code="c">C240</subfield>
    <subfield code="d">2016-08-19</subfield>
    <subfield code="o">639 CLA 1990 C240</subfield>
    <subfield code="p">RUA061979</subfield>
    <subfield code="r">2016-08-19</subfield>
    <subfield code="y">EK</subfield>
  </datafield>
</record>
